000 00686nam a2200289Ia 4500
005 20260324142848.0
008 008 260324s9999 xx 000 0 eng d
020 _a9781315803258
037 _aEBOOK
040 _aCRL
040 _beng
040 _cCRL
041 _2eng
041 _aeng
084 _qCRL
100 _aGail S Reed; Howard B. Levine
_91213505
245 0 _aLocating Transference
245 0 _bPsychoanalytic Inquiry, 13.4
260 _bTaylor and Francis
260 _c1993
365 _a
365 _b67.99
856 _uhttp://www.taylorfrancis.com/books/9781315803258
942 _cEBOOK
999 _c1818216
_d1818216